Sapo y Sepo son amigos / (Registro nro. 11902)

Detalles MARC
000 -LEADER
fixed length control field 01095nam a22003257a 4500
001 - CONTROL NUMBER
control field 000682
003 - CONTROL NUMBER IDENTIFIER
control field DO-SdBNP
005 - DATE AND TIME OF LATEST TRANSACTION
control field 20180208131559.0
007 - PHYSICAL DESCRIPTION FIXED FIELD--GENERAL INFORMATION
fixed length control field 000682
008 - FIXED-LENGTH DATA ELEMENTS--GENERAL INFORMATION
fixed length control field 161110b 1995 ck a ||||| |||| 00| 0 spa d
020 ## - INTERNATIONAL STANDARD BOOK NUMBER
International Standard Book Number 9582401281
040 ## - CATALOGING SOURCE
Original cataloging agency BPMSU
Language of cataloging spa
Transcribing agency BPMSU
082 ## - DEWEY DECIMAL CLASSIFICATION NUMBER
Classification number xxxx
Item number xxxx
100 1# - MAIN ENTRY--PERSONAL NAME
Personal name Lobel, Arnold,
Dates associated with a name 1933-1987.
240 1# - UNIFORM TITLE
Uniform title <a href="Frog and Toad are friends.">Frog and Toad are friends.</a>
Language of a work Español
245 10 - TITLE STATEMENT
Title Sapo y Sepo son amigos /
Statement of responsibility, etc. Arnold Lobel ; traducción de Pablo Lizcano.
250 ## - EDITION STATEMENT
Edition statement 4ª reimp.
260 ## - PUBLICATION, DISTRIBUTION, ETC. (IMPRINT)
Place of publication, distribution, etc. México :
Name of publisher, distributor, etc. Alfaguara,
Date of publication, distribution, etc. 1995.
300 ## - PHYSICAL DESCRIPTION
Extent 66 p. :
Other physical details il. ;
Dimensions 19 cm.
490 1# - SERIES STATEMENT
Series statement Infantil Alfaguara
500 ## - GENERAL NOTE
General note Para niños a partir de los 6 años.
500 ## - GENERAL NOTE
General note Cuarta reimpresión: julio de 1995
500 ## - GENERAL NOTE
General note Incluye datos biográficos de la autora en la solapa de la contracubierta
505 0# - FORMATTED CONTENTS NOTE
Title Primavera --
-- El cuento --
-- Un botón perdido --
-- Un baño --
-- La carta.
700 12 - ADDED ENTRY--PERSONAL NAME
Personal name Lizcano, Pablo,
Relator term tr.
830 #0 - SERIES ADDED ENTRY--UNIFORM TITLE
Uniform title Infantil Alfaguara
942 ## - ADDED ENTRY ELEMENTS (KOHA)
Source of classification or shelving scheme Dewey Decimal Classification
Koha item type Libros
945 ## - LOCAL PROCESSING INFORMATION (OCLC)
a Inventariado, 2018 /LP
956 ## - LOCAL ELECTRONIC LOCATION AND ACCESS (OCLC)
Access method LOPEREZ
Materials specified 10
Linkage 20161110
Field link and sequence number BPMSU
Host name 00041
Existencias
Withdrawn status Lost status Source of classification or shelving scheme Damaged status Not for loan Collection code Home library Current library Date acquired Source of acquisition Total Checkouts Barcode Date last seen Price effective from Koha item type
    Dewey Decimal Classification     Colección Infantil General Biblioteca Pública Metropolitana Salomé Ureña Biblioteca Pública Metropolitana Salomé Ureña 11/10/2016 Donación   BPMSU16111186 11/10/2016 11/10/2016 Libros